National Anthem of Jordan - "As-Salām al-Malakī l-ʾUrdunī" - Statistics

General Stats
  • This quiz has been taken 5 times
  • The average score is 4 of 10
Answer Stats
Answer % Correct
'Āš
100%
al-Malīk!
80%
'Āš
80%
al-Malīk!
60%
Sāmiyan
40%
maqāmuhu
20%
'a'lāmuhu.
0%
al-ma'ālī
0%
0%
xāfiqātin
0%
No matching quizzes found
Score Distribution
Percent of People with Each Score
Percentile by Number Answered
Your Score History
You have not taken this quiz